000
00266nam a2200109Ia 4500
008
220214s9999 xx 000 0 und d
100
_a
Norton K.R.
245
0
_a
Boron deficiency in bananas
260
_b
Tropical Agriculture
_c
1965
300
_a
361-365
942
_c
RE
999
_c
45958
_d
45958